De un hombre obligado a levantarse con el pie derecho y otras crónicas (Registro nro. 35365)
[ vista simple ]
| 000 -CABECERA | |
|---|---|
| Longitud fija campo de control | 00883cam a2200241 a 4500 |
| 003 - • IDENTIFICADOR DELl NÚMERO DE CONTROL | |
| Identificador del número de control | CO-ViMGA |
| 008 - • CÓDIGOS DE INFORMACIÓN DE LONGITUD FIJA | |
| Códigos de información de longitud fija | 110905s2005 ck ao r 000 0 eng d |
| 020 ## - • NÚMERO INTERNACIONAL NORMALIZADO PARA LIBROS | |
| Número Internacional Normalizado para Libros (ISBN) | 9589136036 |
| 020 ## - • NÚMERO INTERNACIONAL NORMALIZADO PARA LIBROS | |
| Número Internacional Normalizado para Libros (ISBN) | 9789589136034 |
| 040 ## - FUENTE DE LA CATALOGACIÓN | |
| Centro catalogador de origen | CO-ViMGA |
| Lengua de catalogación | spa |
| Centro transcriptor | CO-ViMGA |
| 043 ## - CÓDIGO DE ÁREA GEOGRÁFICA | |
| Código de área geográfica | s-ck--- |
| Código local GAC | s-ck-ab |
| Fuente del código local | CO-BoBN |
| 082 04 - • NÚMERO DE LA CLASIFICACIÓN DECIMAL DEWEY | |
| Número de clasificación (R) | 070.449986126 |
| Número del ítem | S15h |
| Número de edición | 21 |
| 100 1# - • PUNTO DE ACCESO PRINCIPAL-NOMBRE DE PERSONA | |
| Nombre de persona | Salcedo Ramos, Alberto Rafael |
| Fechas asociadas al nombre | 1963- |
| 245 10 - • TITULO PROPIAMENTE DICHO | |
| Título | De un hombre obligado a levantarse con el pie derecho y otras crónicas |
| Mención de responsabilidad, etc. | Alberto Rafael Salcedo Ramos |
| 250 ## - • MENCIÓN DE EDICIÓN | |
| Mención de edición | 2a ed. |
| 300 ## - • DESCRIPCIÓN FÍSICA | |
| Extensión | 339 p. |
| Otras características físicas | ilustraciones, fotos |
| Dimensiones | 21 cm |
| 586 ## - • NOTA DE PREMIOS | |
| Nota de premios | Premio Cámara Colombiana del Libro. Mejor libro de interés general 2000. |
| 650 14 - • PUNTO DE ACCESO ADICIONAL DE MATERIA - TÉRMINO DE MATERIA | |
| Término de materia o nombre geográfico como elemento inicial | Crónicas colombianas |
| 650 14 - • PUNTO DE ACCESO ADICIONAL DE MATERIA - TÉRMINO DE MATERIA | |
| Término de materia o nombre geográfico como elemento inicial | Crónicas periodísticas |
| Subdivisión geográfica | Antioquia (Colombia) |
| 650 24 - • PUNTO DE ACCESO ADICIONAL DE MATERIA - TÉRMINO DE MATERIA | |
| Término de materia o nombre geográfico como elemento inicial | Reportajes colombianos |
| 942 ## - ENTRADA DE ELEMENTOS AGREGADOS (KOHA) | |
| Fuente de clasificaión o esquema | Dewey Decimal Classification |
| Koha [por defecto] tipo de item | LIbro |
| Perdido | Fuente de clasificación o esquema | Estado Físico | No para préstamo | Forma de adquisición | Localización permanente | Localización actual | Fecha adquisición | Préstamos totales | Signatura completa | Código de barras | Fecha última consulta | Número de copia | Fecha del precio de reemplazo | Tipo de item de Koha | Localización en estanterías | Note pública | Serie de enumeración / cronolog&íacute;a |
|---|---|---|---|---|---|---|---|---|---|---|---|---|---|---|---|---|---|
| Dewey Decimal Classification | Colección General | Biblioteca Pública Cumaral - Alvaro Garzon Torres | Biblioteca Pública Cumaral - Alvaro Garzon Torres | 07/24/2024 | C868.44S15d | cum1348 | 07/24/2024 | Ej.1 | 07/24/2024 | LIbro | Literatura | ||||||
| Fondo Bibliográfico Familia Carranza | Biblioteca Pública Departamental Eduardo Carranza - Villavicencio | Biblioteca Pública Departamental Eduardo Carranza - Villavicencio | 09/21/2007 | F.FC 070.44 - S15d | ECA18112 | 11/25/2024 | Ej.1 | 11/25/2024 | LIbro | Local Patrimonial | 13264 | 17561 | ||||||
| Sala General | Biblioteca Pública Departamental Eduardo Carranza - Villavicencio | Biblioteca Pública Departamental Eduardo Carranza - Villavicencio | 11/27/2006 | C868.44-S15d | ECA12648 | 11/26/2024 | Ej.1 | 11/26/2024 | LIbro | General | 11330 | 15258 | Vol.1 | |||||
| Dewey Decimal Classification | Sala General Segundo Piso | Biblioteca Pública Germán Arciniegas - Villavicencio | Biblioteca Pública Germán Arciniegas - Villavicencio | 03/17/2016 | 070.449986126 S15h | 29811 | 03/17/2016 | Ej. 1 | 03/17/2016 | LIbro |